History Quiz

Random History or Europe Quiz

Years by European History Events Quiz Stats

 Plays Quiz Updated Dec 19, 2017

Support Sporcle.
Go Orange.
Score 0/20 Timer 05:00
0 Plays Today
% Correct
1914
90%
1492
89.2%
1945
86%
44 BCE
85.9%
1789
85.3%
1066
84.5%
1917
83.7%
1815
81.7%
1517
73.9%
1939
66.7%
% Correct
1895
66.2%
1968
66%
218 BCE
61.7%
1618
61.4%
800
58.8%
1848
58.1%
325
56.9%
1989
56.2%
452
47.5%
732
46.9%

You're not logged in!

Compare scores with friends on all Sporcle quizzes.
OR
Log In

From the Vault

Actors Kill Actors II

by Larryholmes79

Who died and made these characters king? Oh, right...
Remove Ads.
Support Sporcle.
Get the best of Sporcle when you Go Orange. This ad-free experience offers more features, more stats, and more fun while also helping to support Sporcle. Thank you for becoming a member.

Show Comments

Extras

Top Quizzes Today


Score Distribution

Your Account Isn't Verified!

In order to create a playlist on Sporcle, you need to verify the email address you used during registration. Go to your Sporcle Settings to finish the process.

Report this User

Report this user for behavior that violates our Community Guidelines.

Details: